Tenancy trends in Latin America and Africa: a literature review (Record no. 104967)
[ view plain ]
| 000 -LEADER | |
|---|---|
| fixed length control field | 01224cam a2200181 4500 |
| 001 - CONTROL NUMBER | |
| control field | ##L132021 |
| 008 - FIXED-LENGTH DATA ELEMENTS--GENERAL INFORMATION | |
| fixed length control field | 051221n1998 000 0 eng u |
| 035 ## - SYSTEM CONTROL NUMBER | |
| System control number | (Sirsi) u132021 |
| 041 0# - LANGUAGE CODE | |
| Language code of text/sound track or separate title | eng |
| 100 1# - MAIN ENTRY--PERSONAL NAME | |
| Personal name | Lastrarria-Cornheil, Susana |
| 100 1# - MAIN ENTRY--PERSONAL NAME | |
| Personal name | Ravenscroft, Neil |
| 245 00 - TITLE STATEMENT | |
| Title | Tenancy trends in Latin America and Africa: a literature review |
| 260 ## - PUBLICATION, DISTRIBUTION, ETC. | |
| Place of publication, distribution, etc. | London |
| Name of publisher, distributor, etc. | RICS |
| Date of publication, distribution, etc. | 1998 |
| 520 ## - SUMMARY, ETC. | |
| Summary, etc. | This paper reports on a project undertaken for the United Nations Food and Agriculture Organisation, based on research into private sector agricultural tenancy arrangements in western Europe, the Americas and Australasia. The project examines the extent to which it is possible to delineate examples of good practice which, given legal, cultural and contextual differences, can be used as guidance in drawing up letting arrangements in emerging economies and markets. In reflecting the complexity of the subject, the paper draws on the experience of a range of systems to produce a 'critical path' analysis of good practice in different economic, political and social contexts. |
| 520 ## - SUMMARY, ETC. | |
| Summary, etc. | This item is no longer available. |
| 690 ## - LOCAL SUBJECT ADDED ENTRY--TOPICAL TERM (OCLC, RLIN) | |
| Topical term or geographic name as entry element | PROPERTY-RURAL AND NATURAL ASSETS-RURAL AND NATURAL ASSET MANAGEMENT |
| 942 ## - ADDED ENTRY ELEMENTS (KOHA) | |
| Suppress in OPAC | 0 |
| Withdrawn status | Lost status | Source of classification or shelving scheme | Damaged status | Not for loan | Home library | Current library | Shelving location | Date acquired | Total Checkouts | Full call number | Barcode | Date last seen | Copy number | Price effective from | Koha item type |
|---|---|---|---|---|---|---|---|---|---|---|---|---|---|---|---|
| Dewey Decimal Classification | Virtual | Virtual | Online | 21/12/2005 | ONLINE PUBLICATION | 132021-1001 | 06/08/2019 | 1 | 06/08/2019 | Book |